000 00593nam a2200229Ia 4500
003 OSt
005 20220925232817.0
006 a|||||r|||| 00| 0
007 ta
008 220923b |||||||| |||| 00| 0 eng d
037 _cGeneral Book
040 _aRTL
_cRTL
_beng
041 _2eng
_aeng
082 _aXxL23, C5
100 _aRae John
_9107020
245 0 _aLife of Adam Smith
260 _aNew York
_bKelley
_c1895
300 _a449p
_ccm.
490 _aReprints of Economic Classics
942 _hXxL23, C5
_cGB
_2CC
999 _c592180
_d592180